000 01615nam a22001937a 4500
003 0
005 20250310152358.0
008 250310b xxu||||| |||| 00| 0 eng d
020 _a978-1-9164131-8-4
050 _aTR IB PC 4446
_b.Z18 2021
100 _aZago, Noelia,
_eauthor.
245 _aA-Z for Spanish AB initio :
_bessential vocabulary organized by topic for IB Diploma /
_cNoelia Zago.
260 _aEngland :
_bElemi International Schools Publisher,
_c2021.
300 _a96 pages ;
_c25 cm.
520 _aPart of the A-Z series from Elemi which aims to support students throughout their IB Diploma studies, this A-Z for Spanish Ab Initio provides a glossary of Spanish-English vocabulary: Essential vocabulary and key phrases organized in topics to reflect the five conceptual themes of IB Diploma Spanish Ab Initio. Entirely focused on the needs of the IB Diploma curriculum, students learn and engage with current topical vocabulary across a variety of text types. Provides a useful reference to help students express their own ideas and opinions in written and spoken Spanish. Offers a range of appropriate vocabulary and key phrases to develop students' interactive skills and help them maintain a conversation. This popular book specifically offers help with: learning and engaging with appropriate and varied vocabulary in topic-by-topic lists developing writing skills in a variety of text types supporting speaking skills, particularly as part of the internal assessment.
650 _aSpanish Language.
650 _aSpanish language
_xTextbooks for foreign speakers
_vEnglish.
942 _2lcc
_cBK
999 _c367277
_d367277